Nové skutočnosti a subjekty vo sfére práce na Slovensku

Bibliographic Details
Main Author: Čambáliková, Monika, 1959- (Author)
Format: Article
Language:Slovak
PhysicalDescription:Lit. 6 zázn. v slov., češ.
Subjects:

MARC

LEADER 00000nab a2200000 a 4500
001 vtls000408404
003 SK-MaSNL
005 20260303160707.0
008 230223c1991 xo 0 slo
015 |a SNBRB19rr/mm-uuuuu 
035 |a CL0408528 
035 |a urn:nbn:sk:snk-ab28ii 
035 |a (urnnbn)urn:nbn:sk:snk:ar-a01y7o 
035 |a (uuid)7a73c3d4-3f09-485b-825d-a2a96590cdc9 
040 |a SNKBUCL  |b slo  |c SNKBUCL  |e AACR2 
041 0 |a slo 
044 |a xo  |c SK 
080 |a 301.15/.18(437.6)  |2 1981 
100 1 |a Čambáliková, Monika,  |d 1959-  |4 aut  |9 166355 
245 1 0 |a Nové skutočnosti a subjekty vo sfére práce na Slovensku  |c Monika Čambáliková 
300 |b Lit. 6 zázn. v slov., češ. 
650 0 7 |a občianska spoločnosť  |2 snkbucl  |9 4424 
650 0 7 |a mechanizmus trhový  |2 snkbucl  |9 884090 
655 7 |a články z novín a časopisov  |2 snkbucl  |9 267496 
773 0 |t Sociológia  |g Roč. 23, č. 1-2 (1991), s. 111-117 
850 |a Slovenská národná knižnica v Martine  |a MTA001 
852 |a SNK  |b KIS3GCP 
954 |a odborná, vedecká literatúra pôvodná (slovenská)  |2 lita 
958 |a NB 
958 |a RK 
958 |a OND 
958 |a EUIPO 
958 |a article27 
992 |a RBX 
999 |c 2046967  |d 2048897